000 00712nam a2200289Ia 4500
005 20260324115912.0
008 008 260324s9999 xx 000 0 eng d
020 _a9781032680897
037 _aEBOOK
040 _aCRL
040 _beng
040 _cCRL
041 _2eng
041 _aeng
084 _qCRL
100 _aKristin Ackerman; Jennifer McDonough
_91156448
245 0 _aConferring with Young Writers
245 0 _bWhat to Do When You Don't Know What to Do
260 _bTaylor and Francis
260 _c2016
365 _a
365 _b120
856 _uhttp://www.taylorfrancis.com/books/9781032680897
942 _cEBOOK
999 _c1747674
_d1747674